[Event "2nd Stars Cup 2017"]
[Site "Anzali"]
[Date "2017.07.17"]
[Round "6"]
[White "Bruzon Batista, Lazaro"]
[Black "Idani, Pouya"]
[Result "1-0"]
[WhiteElo "2653"]
[BlackElo "2578"]
[Annotator "TA"]
[PlyCount "73"]
[EventDate "2017.??.??"]
[EventType "schev"]
[EventCountry "IRI"]
[SourceTitle "playchess.com"]
[Source "ChessBase"]
[SourceQuality "1"]

{[%evp 19,73,26,25,2,15,15,15,-11,-20,-18,-25,0,0,0,0,-31,-27,-58,13,0,10,0,0,0,0,0,0,0,0,0,57,0,76,63,57,65,148,148,153,141,110,32,76,31,143,142,153,145,205,193,398,369,385,375,370,368]} 1. e4 c5 2. Nf3 d6 3. d4 Nf6 4. Nc3 cxd4 5. Nxd4 a6 6. Be3 e5 7. Nf3 Qc7 8. Be2 Be7 {B90: Sicilian Najdorf: Unusual White 6th moves, 6 Be3 Ng4 and 6 Be3 e5} 9. a4 h6 (9... O-O 10. O-O Be6 11. a5 Nbd7 12. Ng5 Bc4 13. Re1 Rfc8 14. Ra4 Bxe2 15. Qxe2 Qc6 16. Rd1 Bd8 17. Nf3 b5 18. axb6 Bxb6 {½-½ (31) Swiercz,D (2649)-Mareco,S (2648) Saint Louis 2017}) 10. O-O Be6 {LiveBook: 10 Games. White has an edge.} 11. Nh4 Qc8 $146 ({Predecessor:} 11... O-O 12. Nf5 Nc6 13. Qd2 Bxf5 14. exf5 Qd7 15. f4 Qxf5 16. fxe5 Qxe5 {½-½ (35) Wieclaw,M (2165)-Mazurkiewicz,M (2110) Sielpa 2004}) 12. g3 O-O 13. a5 Nc6 14. Nd5 Nxe4 15. Nb6 Qd8 16. Nxa8 Qxa8 17. Ng2 (17. Bd3 $5 {[%cal Rd3e4]} d5 18. f3 $11) 17... d5 {[%mdl 1024] Black has compensation.} 18. c3 Ng5 (18... d4 $15 19. cxd4 exd4) 19. f4 $36 {[%mdl 2048] White has the initiative.} Nh3+ $1 20. Kh1 {aiming for f5.} d4 21. cxd4 exd4 22. Bd2 {Threatens to win with Bg4.} ({Much worse is} 22. Bxd4 Rd8 $17) 22... Qc8 $1 23. Bd3 Qd7 ({Don't take} 23... Bd5 $2 24. Qh5 $18) 24. Be4 f5 (24... Re8 $11) 25. Bd3 (25. Bc2 $14) 25... g6 (25... Bb4 $1 $11) 26. Qe2 $1 $16 Kg7 27. Bc4 $1 {[%cal Rc4e6]} Bd5 ({Black should play} 27... Bxc4 $14 28. Qxc4 Rc8) 28. Bxd5 Qxd5 29. Qf3 Qd7 30. Ne1 (30. Nh4 $16) 30... g5 $1 $14 31. fxg5 Bxg5 {[#]} (31... hxg5 $14 32. Nd3 g4) 32. Bf4 $1 $16 Be7 33. Nd3 Ng5 {[#]} (33... Rd8 $16 {was called for.} 34. Rae1 Qd5 35. Be5+ Kg8 36. Qxd5+ Rxd5 37. Rxf5 Rxa5) 34. Qg2 $1 $18 Bb4 $2 (34... Nf7 {keeps fighting.} 35. Rac1 Qe6) 35. Bxg5 {White is winning.} hxg5 36. Nxb4 Nxb4 37. Qd2 {Precision: White = 48%, Black = 40%.} 1-0

[Event "2nd Stars Cup 2017"]
[Site "Anzali"]
[Date "2017.07.17"]
[Round "6"]
[White "Ghaem Maghami, Ehsan"]
[Black "Safarli, Eltaj"]
[Result "1/2-1/2"]
[WhiteElo "2556"]
[BlackElo "2641"]
[Annotator "TA"]
[PlyCount "44"]
[EventDate "2017.??.??"]
[EventType "schev"]
[EventCountry "IRI"]
[SourceTitle "playchess.com"]
[Source "ChessBase"]
[SourceQuality "1"]

{[%evp 14,44,0,0,28,26,29,30,39,20,14,8,8,8,8,8,8,8,10,8,13,8,9,8,18,0,10,0,24,0,16,0,26]} 1. d4 Nf6 2. Nf3 g6 3. Bg5 Bg7 4. Nbd2 O-O 5. c3 d6 6. e4 {[%cal Be2e4,Be4e5][%mdl 32]} h6 7. Bxf6 Bxf6 8. Bc4 {LiveBook: 13 Games. A48: 1 d4 Nf6 2 Nf3 g6: Torre, London and Colle Systems} c6 9. e5 (9. Qe2 b5 10. Bb3 a5 11. e5 Bg7 12. a3 Na6 {½-½ (12) Rakhmanov,A (2662)-Matinian,N (2495) Sochi 2016}) 9... Bg7 10. O-O {White has an edge.} Bg4 $146 ({Predecessor:} 10... Na6 11. Qe2 Nc7 12. Nh4 g5 13. Nhf3 Bf5 14. Rfe1 Qd7 15. Nf1 d5 {1-0 (47) Smirnov,V (2279)-Vorontsov,N (2314) Nev Ladoga 2012}) 11. Qe1 (11. e6 $5 f5 12. Re1 $14) 11... e6 12. Qe3 Bxf3 13. Nxf3 ({Reject} 13. Qxf3 dxe5 14. Rad1 exd4 $17) 13... Nd7 {[%cal Bb8d7,Bd7b6,Bb6d5][%mdl 32]} 14. exd6 Nb6 15. Bb3 {And now c4 would win.} Qxd6 16. Rfe1 Rad8 17. Rad1 Nd5 18. Qe4 Nf6 19. Qe3 Nd5 20. Qe4 Nf6 21. Qe3 Nd5 22. Qe4 Nf6 {Precision: White = 42%, Black = 67%.} 1/2-1/2

[Event "2nd Stars Cup 2017"]
[Site "Anzali"]
[Date "2017.07.17"]
[Round "6"]
[White "Pourramezanali, Amirreza"]
[Black "Wen, Yang"]
[Result "1/2-1/2"]
[WhiteElo "2505"]
[BlackElo "2617"]
[Annotator "TA"]
[PlyCount "87"]
[EventDate "2017.??.??"]
[EventType "schev"]
[EventCountry "IRI"]
[SourceTitle "playchess.com"]
[Source "ChessBase"]
[SourceQuality "1"]

{[%evp 21,87,46,32,37,69,54,54,72,64,67,56,42,67,55,106,61,80,39,45,31,32,31,62,53,55,0,0,19,14,12,20,0,8,0,0,0,0,-40,-7,-61,-75,-62,0,0,0,-16,0,0,0,0,0,0,0,0,0,0,0,0,0,0,0,0,0,0,0,0,0,0]} 1. e4 e5 2. Nf3 Nc6 3. Bc4 Nf6 4. Ng5 d5 5. exd5 Na5 6. Bb5+ c6 7. dxc6 bxc6 8. Qf3 Be7 {C58: Two Knights: 4 Ng5 d5 5 exd5 Na5 sidelines} (8... Rb8 9. Bd3 h6 10. Ne4 Nd5 11. b3 Nf4 12. Bb2 f6 13. O-O Be7 14. Re1 O-O 15. Bf1 c5 16. Ng3 Qd7 17. Nh5 Bb7 {½-½ (62) Ganguly,S (2614)-Amin,B (2627) Abu Dhabi 2014}) 9. Bd3 h6 10. Ne4 Nd5 11. Ng3 g6 {LiveBook: 3 Games} 12. O-O f5 13. Re1 $146 ({Predecessor:} 13. Nc3 O-O 14. Re1 Bf6 15. Bf1 e4 16. Qd1 {½-½ (25) Meissner,R (2238)-Lanin,B (2150) ICCF email 2013}) 13... Bf6 14. Bf1 O-O {[#]} 15. d4 $1 {[%mdl 512]} e4 (15... exd4 16. Bxh6) 16. Qd1 $1 Bg7 17. Na3 Be6 (17... Nb7 $14) 18. c3 Bf7 19. Qa4 Qc7 20. Bd2 {[#] aiming for c4.} Nb7 $1 21. Nc4 Nb6 22. Qa6 $1 Rad8 23. Nxb6 axb6 24. Bc4 c5 25. Bxf7+ Rxf7 26. Ne2 g5 $1 27. b4 f4 28. bxc5 bxc5 29. Qe6 Nd6 30. dxc5 ({Better is} 30. Rad1 $11) 30... Qxc5 $15 {Strongly threatening ...Re8.} 31. Nd4 Nc4 ({Black should try} 31... Re8 $15 32. Qb3 Nc4) 32. Bc1 $11 {[%cal Bd2c1,Bc1a3,Ba3d6][%mdl 32] The position is equal.} Nd6 33. Qb3 {Hoping for Ne6.} Rc8 34. Ba3 Qxc3 35. Qxc3 Rxc3 36. Bxd6 {Threatens to win with Rad1.} Bxd4 37. Rxe4 Rd3 38. Rf1 Bxf2+ 39. Rxf2 {Black must now prevent Be7.} Rd1+ 40. Rf1 Rxd6 41. a4 Rd2 42. Rf2 Rd1+ 43. Rf1 Rd2 44. Rf2 {Precision: White = 72%, Black = 64%.} 1/2-1/2

[Event "2nd Stars Cup 2017"]
[Site "Anzali"]
[Date "2017.07.17"]
[Round "6"]
[White "Firouzja, Alireza"]
[Black "Jobava, Baadur"]
[Result "1-0"]
[WhiteElo "2499"]
[BlackElo "2714"]
[Annotator "TA"]
[PlyCount "121"]
[EventDate "2017.??.??"]
[EventType "schev"]
[EventCountry "IRI"]
[SourceTitle "playchess.com"]
[Source "ChessBase"]
[SourceQuality "1"]

{[%evp 17,121,-12,3,0,11,12,45,39,35,35,46,33,28,32,69,81,78,69,69,69,82,84,87,69,69,58,58,58,58,58,58,58,73,72,68,48,56,70,61,43,52,52,108,124,144,118,129,72,69,60,64,26,68,68,68,0,22,0,68,68,68,68,66,64,64,45,35,25,53,49,82,70,87,72,72,16,16,29,111,119,124,124,225,215,213,218,204,194,185,204,189,213,200,199,189,195,531,510,440,204,1047,1008,2306,2427,4586,3904]} 1. e4 c6 2. d4 d5 3. exd5 cxd5 4. Bd3 Nc6 5. c3 Nf6 6. h3 g6 7. Nf3 Bf5 8. Bxf5 gxf5 9. Bf4 {B13: Caro-Kann: Exchange Variation and Panov-Botvinnik Attack} e6 {LiveBook: 6 Games} 10. Qb3 Qb6 (10... Qd7 11. Ne5 Nxe5 12. Bxe5 Bg7 13. Nd2 Rg8 14. Nf3 Ne4 15. O-O Bxe5 16. Nxe5 Qe7 {1-0 (49) Socko,B (2599)-Eljanov,P (2717) Berlin 2015}) 11. Na3 {The position is equal.} Bxa3 $146 ({Predecessor:} 11... Be7 12. Nb5 Rc8 13. Ne5 Rg8 14. O-O Nxe5 15. Bxe5 Nd7 16. Bf4 a6 {½-½ (62) Vavra,P (2459)-Meduna,E (2482) Czechia 2002}) 12. Qxa3 Rg8 13. O-O Ne4 14. Ne1 Qb5 15. Qb3 a6 16. Qxb5 axb5 17. Nd3 Ke7 18. f3 Nd6 19. a3 Nc4 20. Kf2 h5 21. h4 f6 22. Rae1 Kf7 23. Re2 Ne7 24. Rfe1 Ng6 $1 25. Rxe6 {Hoping for Bc1.} Nxb2 26. Nxb2 Nxf4 27. Re7+ Kf8 $1 28. g3 Nh3+ 29. Kg2 Nf4+ ({Better is} 29... f4 $1 $14 30. g4 (30. Kxh3 Rxg3+ 31. Kh2 Rxf3 $11) 30... hxg4 31. fxg4 Rxa3) 30. Kh2 $16 Ng6 31. Rxb7 Rg7 32. Rxb5 (32. Rb6 $142) 32... Rxa3 33. Rb8+ Kf7 34. Nd3 {Reb1 is the strong threat.} f4 35. Rb7+ (35. gxf4 $6 Rxc3 36. Re3 Rc4 $11) 35... Kf8 $1 36. Rb8+ Kf7 {Strongly threatening ...fxg3+.} 37. Rb7+ Kf8 $1 38. Rxg7 $1 Kxg7 $14 {[%mdl 4096] Endgame KRN-KRN} 39. Rc1 $1 fxg3+ 40. Kxg3 Ne7 41. Kf4 Kf7 42. Nb4 Rb3 43. Ke3 Rb2 44. Ra1 Rh2 45. Ra7 Ke6 46. Na6 (46. Ra6+ $16 Kf7 47. Ra7) 46... Nf5+ $11 47. Kd3 {Black must now prevent Nc7+.} Rf2 (47... Nxh4 $11 {remains equal.} 48. Nc7+ Kf5) 48. Nc7+ $1 $16 Kd6 49. Ne8+ Ke6 (49... Kc6 $16) 50. Ra6+ $18 Ke7 51. Nc7 $1 {[%cal Rc7d5]} ({Not} 51. Rxf6 Rxf3+ 52. Ke2 Rf4 $17) 51... Rxf3+ {[#]} 52. Ke2 $1 Nxh4 53. Nxd5+ Kf7 54. c4 {[%cal Bc3c4,Bc4c5][%mdl 32]} Rf5 {[#]} 55. Ra7+ $1 Kf8 56. Nc7 Nf3 $2 (56... Kf7 {is tougher.} 57. d5 Re5+ 58. Kf2 Ng6) 57. Ne6+ Kg8 58. d5 (58. Ke3 $142) 58... Ne5 $2 (58... h4 59. Rg7+ Kh8) 59. c5 {White is clearly winning.} Nc4 60. d6 Re5+ 61. Kf2 {Precision: White = 71%, Black = 36%.} ({Stronger than} 61. Kd3 Nxd6 62. Ra8+ (62. cxd6 Rxe6 63. d7 Rd6+ 64. Ke4 Kf8 $11) 62... Ne8 $11) 1-0

[Event "2nd Stars Cup 2017"]
[Site "Anzali"]
[Date "2017.07.17"]
[Round "6"]
[White "Mousavi, Seyed Khalil"]
[Black "Sokolov, Ivan"]
[Result "*"]
[WhiteElo "2424"]
[BlackElo "2626"]
[Annotator "TA"]
[PlyCount "29"]
[EventDate "2017.??.??"]
[EventType "schev"]
[EventCountry "IRI"]
[SourceTitle "playchess.com"]
[Source "ChessBase"]
[SourceQuality "1"]

{[%evp 8,8,31]} 1. Nf3 Nf6 2. c4 b6 3. g3 Bb7 4. Bg2 g6 {Predecessor:} 5. O-O $146 Bg7 6. d4 O-O 7. Qc2 c5 8. d5 b5 9. e4 bxc4 10. Nbd2 e6 11. dxe6 dxe6 12. e5 Nfd7 13. Nxc4 Nc6 14. Bf4 Rb8 15. Rfe1 {½-½ (47) Van Wely,L (2675)-Sokolov,I (2625) Amsterdam 2017} *

[Event "2nd Stars Cup 2017"]
[Site "Anzali"]
[Date "2017.07.18"]
[Round "7"]
[White "Jobava, Baadur"]
[Black "Mosadeghpour, Masoud"]
[Result "1/2-1/2"]
[WhiteElo "2714"]
[BlackElo "2469"]
[Annotator "TA"]
[PlyCount "61"]
[EventDate "2017.??.??"]
[EventType "schev"]
[EventCountry "IRI"]
[SourceTitle "playchess.com"]
[Source "ChessBase"]
[SourceQuality "1"]

{[%evp 15,61,12,43,56,59,46,57,47,41,41,55,47,56,48,86,83,97,95,97,95,105,51,54,56,48,39,40,39,45,0,0,0,0,-36,-36,-36,0,-39,-13,-12,0,0,0,0,0,0,0,0]} 1. e4 e5 2. Nf3 Nf6 3. Nxe5 d6 4. Nf3 Nxe4 5. d4 d5 6. Bd3 Nc6 7. O-O Be7 8. Re1 O-O {LiveBook: 9 Games. C42: Petroff Defence: 3 Nxe5 and unusual White 3rd moves} (8... Bg4 9. c4 Nf6 10. Nc3 Bxf3 11. Qxf3 Nxd4 12. Qd1 dxc4 13. Bxc4 c5 14. Qa4+ Qd7 15. Qxd7+ Kxd7 16. Be3 Rhd8 17. Bxd4 cxd4 18. Bb5+ Kd6 19. Rad1 Kc5 20. Re5+ Kd6 21. Ree1 Kc5 22. Re5+ {½-½ (22) Ivanchuk,V (2728)-Wang,Y (2730) Danzhou 2016}) 9. Bxe4 dxe4 10. Rxe4 Bf5 {White is slightly better.} 11. Re1 Nb4 12. Na3 Re8 {[#]} 13. Bg5 $1 {[%mdl 512]} f6 (13... Bxg5 14. Rxe8+) 14. Bd2 Nc6 $146 ({Predecessor:} 14... Qd7 15. c3 Nd3 16. Re3 {½-½ (48) Rihtaric,I (2221)-Gacnik,L (2116) ICCF email 2011}) 15. c3 Bxa3 16. Qb3+ Kh8 {[#] aiming for ...Bd6.} 17. Qxa3 Qd5 18. Qc5 (18. Qb3 $16 Qd7 19. Bf4) 18... Qxc5 $14 19. dxc5 g5 20. Nd4 Nxd4 21. cxd4 Be6 22. d5 Bxd5 23. Rxe8+ Rxe8 24. Re1 Rxe1+ 25. Bxe1 $15 {[%mdl 4096] Endgame KB-KB} Kg7 26. f4 g4 27. a3 {The position is equal.} f5 28. Kf2 Kf6 29. g3 c6 30. Ke3 Ke6 31. Kd4 {Precision: White = 65%, Black = 55%.} 1/2-1/2

[Event "2nd Stars Cup 2017"]
[Site "Anzali"]
[Date "2017.07.18"]
[Round "7"]
[White "Safarli, Eltaj"]
[Black "Tabatabaei, M amin"]
[Result "1/2-1/2"]
[WhiteElo "2641"]
[BlackElo "2509"]
[Annotator "TA"]
[PlyCount "66"]
[EventDate "2017.??.??"]
[EventType "schev"]
[EventCountry "IRI"]
[SourceTitle "playchess.com"]
[Source "ChessBase"]
[SourceQuality "1"]

{[%evp 12,66,0,0,0,0,0,0,0,0,0,-23,-16,-33,-26,-58,-34,-53,-20,-58,-12,-62,-37,-65,-28,-54,-25,-23,25,27,72,0,0,0,0,0,0,1,1,4,7,0,0,0,0,0,0,0,0,-8,-8,-8,-8,-25,-8,-10,-8]} 1. e4 c6 2. d4 d5 3. exd5 cxd5 4. c4 Nf6 5. Nc3 Nc6 6. Bg5 Be6 7. Be2 Qa5 $1 {B13: Caro-Kann: Exchange Variation and Panov-Botvinnik Attack} (7... dxc4 $2 8. Bxf6 exf6 9. d5 $16) 8. Nf3 (8. Bf3 dxc4 9. d5 O-O-O 10. Bd2 Nxd5 11. Nxd5 Rxd5 12. Bxd5 Qxd5 13. Nf3 Bf5 14. O-O e6 15. b3 Bd3 16. bxc4 Qf5 17. Re1 Bc5 18. Be3 Bb4 19. Bd2 Bc5 20. Be3 Bb4 21. Bd2 Bc5 22. Be3 {½-½ (22) Safarli,E (2664)-Karjakin,S (2779) Shamkir 2016}) 8... dxc4 9. O-O Rd8 10. Re1 h6 11. Be3 (11. Bxf6 $5 gxf6 12. d5 Bxd5 13. Nxd5 Rxd5 14. Qc2 $11) 11... g5 12. Nd2 $146 ({Predecessor:} 12. Rc1 Bg7 13. h3 O-O 14. Qa4 g4 15. Qxa5 Nxa5 16. hxg4 Nxg4 {1-0 (46) Levertov,A (2440)-Moreno Ramos,F (2365) ICCF corr 1995}) 12... Bg7 $36 {[%mdl 2048] Black has some pressure.} 13. Bxc4 Bxc4 14. Nxc4 Qa6 (14... Qb4 $5 {[%cal Rb4c4]} 15. Qd3 e6 $11) 15. b3 b5 16. Nd2 O-O 17. Qe2 Nd5 18. Nxb5 Qb6 (18... e5 $5 {[%cal Re5d4]} 19. Rad1 Qa5 20. dxe5 Nxe5 $15) 19. Nf3 a6 (19... g4 $5 {[%cal Rg4f3]} 20. Nh4 e6 $11) 20. Na3 g4 21. Nh4 (21. Ne5 $1 $16) 21... Nxe3 $11 22. fxe3 {[#] And now Nc4 would win.} Nxd4 $1 23. Qxg4 Qc5 $1 24. Rad1 ({Don't blunder} 24. exd4 $2 Rxd4 25. Rac1 Rxg4+ $19) 24... h5 25. exd4 Rxd4 26. Qf5 Qxa3 27. Qxh5 {Nf5 is the strong threat.} e6 $1 28. Rxd4 Bxd4+ 29. Kh1 Qxa2 30. Qg4+ (30. Ng6 $5 fxg6 31. Qxg6+ Kh8 32. Qh6+ Kg8 33. Qg6+ Bg7 34. Qxe6+ Kh8 35. Qh3+ Kg8 36. Qe6+ Kh7 37. Qh3+ Kg8 38. Qe6+ $11) 30... Bg7 31. Qc4 Rb8 32. Rf1 Qxb3 33. Qxa6 Qb5 {Precision: White = 58%, Black = 75%.} 1/2-1/2

[Event "2nd Stars Cup 2017"]
[Site "Anzali"]
[Date "2017.07.18"]
[Round "7"]
[White "Sokolov, Ivan"]
[Black "Pourramezanali, Amirreza"]
[Result "0-1"]
[WhiteElo "2626"]
[BlackElo "2505"]
[Annotator "TA"]
[PlyCount "74"]
[EventDate "2017.??.??"]
[EventType "schev"]
[EventCountry "IRI"]
[SourceTitle "playchess.com"]
[Source "ChessBase"]
[SourceQuality "1"]

{[%evp 14,74,13,16,16,0,16,-7,-11,-6,-7,-5,0,-16,-16,-29,-30,-45,-21,-76,-63,-129,-116,-119,-108,-122,-125,-143,-117,-141,-134,-139,-128,-134,-134,-169,-134,-152,-74,-155,-119,-126,-118,-184,-202,-198,-198,-190,-190,-204,-193,-246,-233,-303,-300,-596,-587,-857,-842,-860,-853,-852,-836]} 1. c4 c6 2. g3 d5 3. Bg2 Nf6 4. Nf3 Bg4 5. Qb3 Qb6 6. d3 {A11: English Opening: 1...c6} e6 7. Be3 Qxb3 8. axb3 {LiveBook: 4 Games. The position is equal.} Nbd7 9. Nc3 a6 10. O-O (10. h3 $5 {[%cal Rh3g4]} Bxf3 11. Bxf3 $11) 10... h6 $146 ({Predecessor:} 10... Bd6 11. h3 Bh5 12. g4 Bg6 13. Nh4 Bc5 14. Bd2 {0-1 (60) Ni,H (2677)-Lupulescu,C (2643) Bazna 2014}) 11. h3 Bf5 12. Bd4 Bh7 13. cxd5 exd5 14. Nd2 O-O-O 15. f4 Bd6 16. Rac1 (16. e4 $11) 16... Kb8 $17 17. Na4 (17. g4 $15) 17... Rhe8 18. Bf3 g5 19. fxg5 hxg5 20. Kg2 Bg6 21. Rf2 Ne5 {...g4 is the strong threat.} 22. g4 Nfd7 23. Nc5 Nxc5 24. Bxc5 Bxc5 25. Rxc5 {[#]} f5 (25... Bxd3 $142 $1 {[%mdl 512] White must now prevent ...Bb5.} 26. exd3 Nxd3) 26. b4 (26. gxf5 $142 Bxf5 27. Bxd5 Bxd3 28. Bf3) 26... f4 27. Kf1 Re7 28. Nb3 (28. Rc3 $17) 28... Rh8 $19 29. Bg2 {[#]} f3 $1 {[%cal Rf3g2][%mdl 512]} 30. Bxf3 (30. exf3 Rhe8) 30... Rxh3 31. Nd4 Rh4 32. Rg2 (32. Rc3 $142) 32... Rf7 33. Kf2 Nxg4+ 34. Kg3 $2 (34. Kg1 Ne3 35. Rxg5 Rxd4 36. Rxg6) 34... Ne3 {Black is clearly winning.} 35. Ne6 Nxg2 36. Nxg5 Rg7 37. Bxg2 Rxb4 {Precision: White = 28%, Black = 64%.} 0-1

[Event "2nd Stars Cup 2017"]
[Site "Anzali"]
[Date "2017.07.18"]
[Round "7"]
[White "Wen, Yang"]
[Black "Mousavi, Seyed Khalil"]
[Result "1/2-1/2"]
[WhiteElo "2617"]
[BlackElo "2424"]
[Annotator "TA"]
[PlyCount "108"]
[EventDate "2017.??.??"]
[EventType "schev"]
[EventCountry "IRI"]
[SourceTitle "playchess.com"]
[Source "ChessBase"]
[SourceQuality "1"]

{[%evp 13,108,0,0,-5,3,0,0,0,0,0,0,0,12,13,12,8,20,6,22,14,16,21,33,31,52,48,54,63,67,13,22,0,0,-20,-30,-34,0,-22,-33,-51,-34,-68,-58,-110,-101,-104,-108,-96,-103,-112,-112,-116,-122,-116,0,0,0,-59,-62,-78,-64,-45,-39,-39,-39,-39,-40,-61,-23,-25,0,0,0,-20,0,0,0,0,0,0,0,0,0,0,0,0,0,0,0,0,0,0,0,0,0,0,0]} 1. Nf3 Nf6 2. c4 e6 3. g3 d5 4. Bg2 Be7 5. O-O O-O 6. Ne5 {A14: English Opening: 1...e6 with b3 by White} c5 7. cxd5 exd5 {LiveBook: 3 Games} 8. e3 Be6 $146 ({Predecessor:} 8... Bf5 9. d4 Qc8 10. Nc3 Rd8 11. b3 cxd4 12. Qxd4 Bc5 13. Qf4 Bd6 14. Nxd5 {½-½ (32) Kramnik,V (2808)-Aronian,L (2793) Leuven 2017}) 9. d4 Nc6 10. Nxc6 bxc6 11. dxc5 Bxc5 12. Nc3 Qd7 13. b3 Be7 14. Bb2 Bh3 15. Rc1 Rac8 16. Qd3 Rfd8 17. Rfd1 h5 18. Ne2 h4 19. Nf4 Bxg2 20. Kxg2 Ne4 21. f3 ({Better is} 21. Qe2 $1 $14) 21... Nc5 $11 22. Qc2 (22. Qd4 $5 {[%cal Rd4g7]} Bf6 23. Qd2 (23. Qxc5 Bxb2 24. Rc4 Re8 $11) 23... Bxb2 24. Qxb2 $11) 22... Ne6 23. Qf5 Nxf4+ 24. Qxf4 h3+ 25. Kf2 c5 26. Rd2 d4 $1 {[%cal Rd4e3]} 27. Rcd1 {[%cal Re3d4]} Qd5 $36 {[%mdl 2048] [#] Strongly threatening ...Bg5. White is under pressure.} 28. Rd3 (28. e4 $1 $15 Qe6 29. Qf5) 28... Bg5 $17 29. e4 Bxf4 30. exd5 Bc7 31. f4 Rxd5 32. Kf3 Re8 {[#]} 33. b4 $1 {[%mdl 512]} Bb6 ({Black should play} 33... cxb4 $17 {aiming for ...Bb6.} 34. Rxd4 Rxd4 35. Rxd4 a5) 34. bxc5 $11 Bxc5 35. Bc1 (35. g4 $11) 35... f5 $15 36. g4 fxg4+ 37. Kxg4 Re2 38. R1d2 Re1 39. Bb2 {[%cal Rb2d4]} Rg1+ 40. Kf3 $1 Rd7 41. a4 ({Much worse is} 41. Bxd4 Rg2 $17) 41... Bb6 42. Bxd4 {The position is equal.} Rg2 {...Rxd2 is the strong threat.} 43. Rd1 Rxh2 {White must now prevent ...Rxd4.} 44. Bxb6 Rxd3+ 45. Rxd3 axb6 $11 {[%mdl 4096] Endgame KR-KR} 46. Rb3 Ra2 47. Rxb6 Rxa4 48. Rb2 Kf7 49. Rh2 Kf6 {Hoping for ...Kf5.} 50. Rxh3 Ra3+ 51. Kg4 Rxh3 52. Kxh3 Kf5 53. Kg3 g5 54. fxg5 Kxg5 {Precision: White = 68%, Black = 54%.} 1/2-1/2

[Event "2nd Stars Cup 2017"]
[Site "Anzali"]
[Date "2017.07.18"]
[Round "7"]
[White "Maghsoodloo, Parham"]
[Black "Van Wely, Loek"]
[Result "1/2-1/2"]
[WhiteElo "2584"]
[BlackElo "2675"]
[Annotator "TA"]
[PlyCount "118"]
[EventDate "2017.??.??"]
[EventType "schev"]
[EventCountry "IRI"]
[SourceTitle "playchess.com"]
[Source "ChessBase"]
[SourceQuality "1"]

{[%evp 19,118,0,0,0,0,0,0,0,10,-12,0,-24,-25,-11,8,8,7,0,0,8,11,0,7,0,0,-16,-19,-20,13,0,53,17,16,17,22,19,21,21,17,16,20,29,27,19,12,0,0,0,0,0,0,0,0,0,0,0,0,0,0,0,0,0,0,0,0,0,0,0,0,0,0,0,0,0,6,6,8,8,20,8,8,0,0,0,0,0,4,0,0,0,0,0,0,0,0,0,0,0,0,0,2581]} 1. Nf3 Nf6 2. g3 b6 3. Bg2 Bb7 4. O-O g6 5. c4 c5 6. Nc3 Bg7 7. d4 cxd4 8. Qxd4 d6 9. Nd5 {A30: Symmetrical English: Double Fianchetto and Hedgehog} (9. Be3 Nbd7 10. Rac1 Rc8 11. b3 Nc5 12. Rfd1 O-O 13. Qh4 Nce4 14. Nxe4 Bxe4 15. Bh6 Rc5 16. Ng5 Bxg2 17. Kxg2 Qa8+ 18. f3 Rfc8 {0-1 (59) Ding,L (2766)-Navara,D (2734) Huaian 2016}) 9... Nbd7 10. Rd1 Rc8 {LiveBook: 4 Games} 11. Rb1 O-O 12. Qh4 Nxd5 $146 ({Predecessor:} 12... Re8 13. b3 Nxd5 14. cxd5 Rc2 15. Ng5 Nf6 16. Qa4 a6 {0-1 (30) Belezky,A (2432)-Zagrebelny,S (2534) Cappelle-la-Grande 2000}) 13. cxd5 Nf6 14. Ne1 Ba6 15. e4 Qd7 16. b3 Ng4 17. Bb2 {Threatening Bxg7.} h5 18. h3 Bf6 19. Bxf6 Nxf6 20. Rb2 {[%cal Bb1b2,Bb2d2,Bd2d1][%mdl 32]} Rc3 21. Nf3 Qc7 22. Rbd2 Rc1 {[#] Hoping for ...Be2!} 23. Nd4 Qc3 {Strongly threatening ...Qxd2.} (23... Be2 $5 24. Nxe2 Rxd1+ 25. Rxd1 Qc2 $11) 24. Qf4 Nd7 (24... Rc8 $11) 25. Kh2 Rxd1 26. Rxd1 Ne5 27. Qd2 Qxd2 28. Rxd2 Rc8 29. f4 Nd3 30. Nc6 Rc7 31. Nb8 Nb4 $1 {The position is equal.} 32. a3 Rc8 33. axb4 Rxb8 $11 {[%mdl 4096] Endgame KRB-KRB} 34. Ra2 Bd3 35. Rxa7 Kf8 36. Rc7 Ra8 37. Rc3 Bb5 38. Bf3 Ra2+ 39. Kg1 Rb2 40. e5 Kg7 41. g4 hxg4 42. Bxg4 Rd2 43. Rc7 dxe5 44. fxe5 Rxd5 45. Rxe7 {And now e6 would win.} Kf8 46. Rb7 Rxe5 47. Rxb6 f5 48. Bf3 Kg7 49. Kf2 g5 $1 50. Rd6 Kf7 51. Rd4 Ke6 52. Rd2 (52. h4 $5 {[%cal Rh4g5]} g4 53. Bg2 $11) 52... Ke7 53. Bd5 (53. h4 $5 {[%cal Rh4g5]} g4 54. Bb7 $11) 53... f4 54. Bc4 Bd7 55. Rd3 Bf5 56. Rc3 Kd6 57. Bf1 Rd5 58. Be2 Rd2 59. Ke1 Ke5 $2 {[%mdl 40960] Precision: White = 66%, Black = 80%. . An unexpected result.} (59... Rb2 $11) 1/2-1/2